000 00766nam a2200217Ia 4500
005 20241129105924.0
008 241129s9999||||xx |||||||||||||| ||und||
020 _a978-81-7975-946-2
037 _aTB
040 _aARTS
_bhin
_cARTS
041 _ahin
_2hin
084 _aO152,1:g(R5) R1
_qARTS
100 _aसाएमा बानो, ले.
245 0 _aहिन्दी ग़ज़ल का सौन्दर्यशास्त्र
_cसाएमा बानो, ले.
260 _aनई दिल्ली, भारत
_bअनामिका पब्लिशर्स
_c2022
300 _a130पृ0
365 _aINR
_b495
650 _aHindi Poetry
_97134
942 _cTB
_hO152,1:g(R5) R1
999 _c1226598
_d1226598